Algorithmes d'accélération de la convergence : étude numérique /
Guardado en:
| Autor Principal: | |
|---|---|
| Formato: | Libro |
| Idioma: | French |
| Publicado: |
Paris :
Technip,
1978.
|
| Series: | Collection Langages et algorithmes de l'informatique
|
| Materias: | |
| Etiquetas: |
Agregar Etiqueta
Sin Etiquetas, Sea el primero en etiquetar este registro!
|
| LEADER | 00826cam a2200241 a 4500 | ||
|---|---|---|---|
| 001 | MAT.inmabb006085 | ||
| 008 | 790124s1978####fr#######b####001#0#fre## | ||
| 005 | 20111125113033.0 | ||
| 245 | 1 | 0 | |a Algorithmes d'accélération de la convergence : |b étude numérique / |c Claude Brezinski. |
| 260 | |a Paris : |b Technip, |c 1978. | ||
| 300 | |a xi, 392 p. ; |c 25 cm. | ||
| 490 | 0 | |a Collection Langages et algorithmes de l'informatique | |
| 504 | |a Bibliografía: p. [385]-387. | ||
| 500 | |a Incluye índice. | ||
| 510 | 4 | |a MR, |c 80b:65004 | |
| 020 | |a 2710803410 | ||
| 100 | 1 | |a Brezinski, Claude, |d 1941- | |
| 650 | 0 | |a Numerical analysis |x Acceleration of convergence |x Data processing. | |
| 650 | 0 | |a Computer algorithms. | |
| 084 | |a 65B05 |2 msc2000 | ||
| 010 | |a 78392837 | ||
| 040 | |a DLC |c DLC |d DLC | ||
| 859 | |h 65 |i B848 |p A-5370 |b BIB. MATEMATICA | ||
